| 000 | nam a22 7a 4500 | ||
|---|---|---|---|
| 999 |
_c174503 _d174503 |
||
| 003 | Nust | ||
| 005 | 20170130105055.0 | ||
| 008 | 170130b xxu||||| |||| 00| 0 eng d | ||
| 020 | _a8129102056 | ||
| 040 | _cNust | ||
| 082 |
_a823 _bRUP |
||
| 245 |
_aGreat tales of suspense: _ba selection / _cPublished by Rupa G. |
||
| 260 |
_aNew Delhi: _bRupa G. _c2003. |
||
| 300 | _a108 p. | ||
| 650 |
_aStories _vFiction |
||
| 710 | _aRupa G. | ||
| 942 |
_2ddc _cBK |
||